Trujillo : (Registro nro. 13696)

Detalles MARC
000 -LEADER
fixed length control field 01203nam a2200313 a 4500
001 - CONTROL NUMBER
control field 000048090
003 - CONTROL NUMBER IDENTIFIER
control field DO-SdBNP
005 - DATE AND TIME OF LATEST TRANSACTION
control field 20210831111046.0
008 - FIXED-LENGTH DATA ELEMENTS--GENERAL INFORMATION
fixed length control field 181114s2017 dr a r 001 0 spa d
020 ## - INTERNATIONAL STANDARD BOOK NUMBER
Canceled/invalid ISBN 9789945140279
040 ## - CATALOGING SOURCE
Original cataloging agency DO-SdBNP
Language of cataloging spa
Transcribing agency BNPHU
082 ## - DEWEY DECIMAL CLASSIFICATION NUMBER
Classification number 972.93053
Item number G984t, 2017
100 1# - MAIN ENTRY--PERSONAL NAME
Personal name Gutiérrez Félix, Euclides
245 10 - TITLE STATEMENT
Title Trujillo :
Remainder of title monarca sin corona /
Statement of responsibility, etc. Euclides Gutiérrez Félix ; cuidado de edición, diseño de portada y fotografías, Cándido Gerón.
250 ## - EDITION STATEMENT
Edition statement 5a. ed., ampliada y corregida
260 ## - PUBLICATION, DISTRIBUTION, ETC. (IMPRINT)
Place of publication, distribution, etc. Santo Domingo :
Name of publisher, distributor, etc. Corripio,
Date of publication, distribution, etc. 2017.
300 ## - PHYSICAL DESCRIPTION
Extent 722 p. :
Other physical details il., retrs. ;
Dimensions 25 cm.
500 ## - GENERAL NOTE
General note Incluye índice onomástico
500 ## - GENERAL NOTE
General note Incluye datos biográficos del autor en las solapas
500 ## - GENERAL NOTE
General note Incluye referencias bibliográficas y notas al pie de las paginas
504 ## - BIBLIOGRAPHY, ETC. NOTE
Bibliography, etc Bibliografía : p. 689-696
590 ## - LOCAL NOTE (RLIN)
Local note Inventariado, 2021/VM
600 14 - SUBJECT ADDED ENTRY--PERSONAL NAME
Personal name Molina, Rafael Leónidas Trujillo,
Dates associated with a name 1891-1961
650 #4 - SUBJECT ADDED ENTRY--TOPICAL TERM
Topical term or geographic name as entry element República Dominicana
General subdivision Política y gobierno
651 #4 - SUBJECT ADDED ENTRY--GEOGRAPHIC NAME
Geographic name República Dominicana
General subdivision Historia
Chronological subdivision Era de TRujillo, 1930-1961
General subdivision Fuentes
700 1# - ADDED ENTRY--PERSONAL NAME
Personal name Gerón, Candido,
Dates associated with a name 1950-
Relator term ed.
910 ## - USER-OPTION DATA (OCLC)
User-option data VMateo V.
942 ## - ADDED ENTRY ELEMENTS (KOHA)
Source of classification or shelving scheme Dewey Decimal Classification
Koha item type Libros
Existencias
Withdrawn status Lost status Source of classification or shelving scheme Damaged status Not for loan Collection code Home library Current library Date acquired Source of acquisition Full call number Barcode Date last seen Price effective from Koha item type Copy number Total Checkouts
    Dewey Decimal Classification     Colección Dominicana Biblioteca Pública Metropolitana Salomé Ureña Biblioteca Pública Metropolitana Salomé Ureña 08/31/2021 BNPHU BPMSU CD 972.93053 G984t 2017 BPMSU21080116 08/31/2021 08/31/2021 Libros    
    Dewey Decimal Classification     Colección Dominicana Biblioteca Pública Metropolitana Salomé Ureña Biblioteca Pública Metropolitana Salomé Ureña 08/31/2021 BNPHU BPMSU CD 972.93053 G984t 2017 BPMSU21080117 08/31/2021 08/31/2021 Libros e.2  
    Dewey Decimal Classification     Colección Dominicana Biblioteca Pública Metropolitana Salomé Ureña Biblioteca Pública Metropolitana Salomé Ureña 08/31/2021 BNPHU BPMSU CD 972.93053 G984t 2017 BPMSU22080010 08/22/2022 08/31/2021 Libros e.3